|
|
|
|
| LEADER |
00000nam0a2200000 4500 |
| 001 |
340973 |
| 005 |
20231102005309.0 |
| 035 |
|
|
|a (RuTPU)RU\TPU\book\368153
|
| 090 |
|
|
|a 340973
|
| 100 |
|
|
|a 20180515d2018 k y0rusy50 ca
|
| 101 |
0 |
|
|a rus
|
| 102 |
|
|
|a RU
|
| 105 |
|
|
|a a dm 001zy
|
| 200 |
1 |
|
|a Разработка технологии получения микроразмерных порошков карбида бора, карбида хрома и диборида хрома с использованием нановолокнистого углерода
|e автореферат диссертации на соискание ученой степени кандидата технических наук
|e спец. 05.17.11
|f К. Д. Дюкова
|g Новосибирский государственный технический университет (НГТУ) ; науч. рук. Ю. Л. Крутский
|
| 210 |
|
|
|a Томск
|c [Б. и.]
|d 2018
|
| 215 |
|
|
|a 21 с.
|c ил.
|
| 300 |
|
|
|a Защита сост. 24.04.2018 г.
|
| 320 |
|
|
|a Библиогр.: с. 18-21 (26 назв.)
|
| 452 |
|
1 |
|0 (RuTPU)RU\TPU\book\366785
|t Разработка технологии получения микроразмерных порошков карбида бора, карбида хрома и диборида хрома с использованием нановолокнистого углерода
|o автореферат диссертации на соискание ученой степени кандидата технических наук
|o спец. 05.17.11
|f К. Д. Дюкова
|g Новосибирский государственный технический университет (НГТУ) ; науч. рук. Ю. Л. Крутский
|c Томск
|d 2018
|a Дюкова, Ксения Дмитриевна
|
| 606 |
1 |
|
|a Порошковая металлургия
|2 stltpush
|3 (RuTPU)RU\TPU\subj\68694
|9 83870
|
| 610 |
1 |
|
|a тугоплавкие бескислородные соединения
|
| 610 |
1 |
|
|a синтез
|
| 610 |
1 |
|
|a методы
|
| 610 |
1 |
|
|a карбиды
|
| 610 |
1 |
|
|a бориды
|
| 610 |
1 |
|
|a образование
|
| 610 |
1 |
|
|a микроразмерные порошки
|
| 610 |
1 |
|
|a свойства
|
| 610 |
1 |
|
|a исследование
|
| 610 |
1 |
|
|a получение
|
| 610 |
1 |
|
|a авторефераты диссертаций
|
| 675 |
|
|
|a 621.762(04)
|v 4
|
| 686 |
|
|
|a 05.17.11
|2 oksvnk
|
| 700 |
|
1 |
|a Дюкова
|b К. Д.
|g Ксения Дмитриевна
|
| 702 |
|
1 |
|a Крутский
|b Ю. Л.
|g Юрий Леонидович
|4 727
|
| 712 |
0 |
2 |
|a Новосибирский государственный технический университет (НГТУ)
|c (1992- )
|2 stltpush
|3 (RuTPU)RU\TPU\col\36
|
| 801 |
|
1 |
|a RU
|b 63413507
|c 20180515
|
| 801 |
|
2 |
|a RU
|b 63413507
|c 20190109
|g RCR
|
| 942 |
|
|
|c BK
|